000 00725nam a2200181 a 4500
001 000024363
005 20240304143808.0
008 110126s2010 dr a 000 0 spa d
020 _a9789945163476
040 _aDO-SdBNP
_bspa
_cBNPHU
082 _axxxx
_bxxxx
100 1 _aMartín Gómez, Luis,
_d1962-
_923176
245 1 3 _aEl hombre grama :
_by otros cuentos verdes y pintones /
_cLuís Martín Gómez ; prólogo Aidita Selman ; ilustraciones Tulio Matos, José Antonio Ceballos y Jean Hamlet René Burgos.
260 _aSanto Domingo :
_bMar de Tinta,
_c2010.
300 _a42 p. :
_bil. ;
_c26 cm.
500 _aIncluye datos biográficos del autor en la solapa de la cubierta.
700 1 2 _aSelman, Aidita,
_epról.
_929006
999 _c23856
_d23856